Schleyer: eine deutsche Geschichte
| 1. VerfasserIn: | |
|---|---|
| Medienart: | Druck Buch |
| Sprache: | Deutsch |
| Veröffentlicht: |
München
Beck
2004
|
| In: | Jahr: 2004 |
| Online-Zugang: |
Book review (H-Net) Book review (H-Net) Inhaltsverzeichnis Inhaltsverzeichnis Rezension |
| Bestand in Tübingen: | In Tübingen vorhanden. IFK: C XX 214 |
| Verfügbarkeit prüfen: | HBZ Gateway |
| Subito Bestelldienst: | Jetzt bestellen. |
| Schlagwörter: |
MARC
| LEADER | 00000cam a2200000 c 4500 | ||
|---|---|---|---|
| 001 | 376082925 | ||
| 003 | DE-627 | ||
| 005 | 20260417141115.0 | ||
| 007 | tu | ||
| 008 | 031230s2004 gw ||||| 00| ||ger c | ||
| 010 | |a 2004441239 | ||
| 015 | |a 04,N02,3254 |2 dnb | ||
| 015 | |a 04,A21,1551 |2 dnb | ||
| 016 | 7 | |a 969612729 |2 DE-101 | |
| 020 | |a 340651863X |q Gb. : ca. EUR 24.90, CHF 42.00 |9 3-406-51863-X | ||
| 024 | 3 | |a 9783406518638 | |
| 035 | |a (DE-627)376082925 | ||
| 035 | |a (DE-603)118573977 | ||
| 035 | |a (DE-576)109277066 | ||
| 035 | |a (DE-599)GBV376082925 | ||
| 035 | |a (OCoLC)237828768 | ||
| 035 | |a (OCoLC)237828768 | ||
| 035 | |a (OCoLC)54928959 | ||
| 035 | |a (DE-478)952269969 | ||
| 035 | |a (DE-H357)his27850 | ||
| 040 | |a DE-627 |b ger |c DE-627 |e rakwb | ||
| 041 | |a ger | ||
| 044 | |c XA-DE-BY | ||
| 050 | 0 | |a DD247.S3545 | |
| 082 | 0 | |a 943 | |
| 082 | 0 | 4 | |a 943 |a 330 |
| 084 | |a Hyk Schleyer, H. M. |2 asb | ||
| 084 | |a HYB 2 Schleyer, Hanns Martin |2 ssd | ||
| 084 | |a s Martin |2 ssd | ||
| 084 | |a WI 154 SCHLE |2 sfb | ||
| 084 | |a B 910 Schleyer, H. M. |2 kab | ||
| 084 | |a . |2 kab | ||
| 084 | |a 8,1 |2 ssgn | ||
| 084 | |a MG 15230 |2 rvk |0 (DE-625)rvk/122818:12068 | ||
| 084 | |a NQ 6170 |2 rvk |0 (DE-625)rvk/128702: | ||
| 084 | |a NQ 6850 |2 rvk |0 (DE-625)rvk/128837: | ||
| 084 | |a PC 5230 |2 rvk |0 (DE-625)rvk/135092: | ||
| 084 | |a 07 |2 bwlb | ||
| 084 | |a 15.43 |2 bkl | ||
| 090 | |a a | ||
| 100 | 1 | |a Hachmeister, Lutz |d 1959-2024 |0 (DE-588)120098091 |0 (DE-627)080445098 |0 (DE-576)164225870 |4 aut | |
| 109 | |a Hachmeister, Lutz 1959-2024 | ||
| 245 | 1 | 0 | |a Schleyer |b eine deutsche Geschichte |c Lutz Hachmeister |
| 264 | 1 | |a München |b Beck |c 2004 | |
| 300 | |a 447 S. |b Ill. |c 23 cm | ||
| 336 | |a Text |b txt |2 rdacontent | ||
| 337 | |a ohne Hilfsmittel zu benutzen |b n |2 rdamedia | ||
| 338 | |a Band |b nc |2 rdacarrier | ||
| 500 | |a Literaturverzeichnis Seite 412 - 429 | ||
| 505 | 8 | |a Literaturverz. S. [407] - 429 | |
| 583 | 1 | |a Archivierung/Langzeitarchivierung gewährleistet |f SLG |x XA-DE-BW |z BfZ |2 pdager |5 DE-24 | |
| 600 | 1 | 0 | |a Schleyer, Hanns-Martin |d 1915-1977 |
| 600 | 1 | 7 | |0 (DE-588)118608142 |0 (DE-627)283916443 |0 (DE-576)162919409 |a Schleyer, Hanns Martin |d 1915-1977 |2 gnd |7 (dpeaa)DE-631 |
| 650 | 0 | |a Businesspeople |z Germany (West) |v Biography | |
| 650 | 0 | |a Terrorism |z Germany (West) | |
| 650 | 0 | |a Jewish property |z Czechoslovakia | |
| 650 | 0 | |a Kidnapping |z Germany (West) | |
| 650 | 0 | 7 | |0 (DE-588)4006627-7 |0 (DE-627)106376888 |0 (DE-576)208866353 |a Bildnis |2 gnd |7 (dpeaa)DE-631 |
| 650 | 4 | |a Schleyer, Hanns Martin <Biographie> | |
| 650 | 4 | |a Daimler-Benz | |
| 650 | 4 | |a Bund Deutscher Industrieller | |
| 650 | 4 | |a BDI | |
| 650 | 4 | |a Bund Deutscher Arbeitgeber | |
| 650 | 4 | |a BDA | |
| 650 | 4 | |a Arbeitgeberpräsident | |
| 650 | 4 | |a Entführung | |
| 650 | 4 | |a Politische Gewalt | |
| 650 | 4 | |a Militanter Widerstand | |
| 650 | 4 | |a Deutschland | |
| 650 | 4 | |a BRD | |
| 655 | 7 | |a Biografie |0 (DE-588)4006804-3 |0 (DE-627)104213493 |0 (DE-576)208867147 |2 gnd-content | |
| 689 | 0 | 0 | |d p |0 (DE-588)118608142 |0 (DE-627)283916443 |0 (DE-576)162919409 |a Schleyer, Hanns Martin |d 1915-1977 |2 gnd |
| 689 | 0 | |5 DE-101 | |
| 787 | 0 | 8 | |i Rezensiert in |a Frank-Rutger Hausmann |t [Schleyer], in: Freiburger Universitätsblätter |g 43. 2004, 3. - S. 80 - 82 |
| 787 | 0 | 8 | |i Rezensiert in |a Dietrich Hildebrandt |t [Schleyer], in: Heidelberg, Jahrbuch zur Geschichte der Stadt |g 9. 2004/2005. - S. 254 - 256 |
| 787 | 0 | 8 | |i Rezensiert in |a Wolfgang Schroeder |t [Schleyer], in: Sowi |g 34. 2005, 1. - S. 89 |
| 787 | 0 | 8 | |i Rezensiert in |a Silke Eilers |t [Schleyer], in: Das historisch-politische Buch |g 53. 2005. - S. 405 - 407 |
| 787 | 0 | 8 | |i Rezensiert in |a Matthias Stickler |t [Schleyer], in: Mainfränkisches Jahrbuch für Geschichte und Kunst |g 58. 2006. - S. 326 - 327 |
| 856 | 4 | 2 | |u http://www.gbv.de/dms/hebis-darmstadt/toc/118573977.pdf |m V:DE-603 |m B:DE-17 |q pdf/application |x Verlag |y Inhaltsverzeichnis |3 Inhaltsverzeichnis |7 1 |
| 856 | 4 | 2 | |u http://www.h-net.org/review/hrev-a0e6u4-aa |v 2013-12-03 |x Verlag |y Book review (H-Net) |7 1 |
| 856 | 4 | 2 | |u http://www.h-net.org/reviews/showrev.php?id=18642 |v 2016-07-13 |x Verlag |y Book review (H-Net) |7 1 |
| 856 | 4 | 2 | |u https://www.hsozkult.de/publicationreview/id/rezbuecher-4064 |m V:DE-576;X:HSozKult |q text/html |v 20180417153224 |3 Rezension |7 1 |
| 856 | 4 | 2 | |u http://scans.hebis.de/HEBCGI/show.pl?11857397_toc.pdf |m V:DE-603;B:DE-17 |q application/pdf |3 Inhaltsverzeichnis |7 1 |
| 935 | |a BWLB | ||
| 935 | |i sf | ||
| 936 | r | v | |a MG 15230 |b Wirtschaftsverbände, Arbeitgeber |k Politologie |k Politische Systeme einzelner Länder |k Europa, Nordamerika |k Westeuropa, Mitteleuropa |k Bundesrepublik Deutschland |k Bundesrepublik Deutschland |k Interessenverbände, politische Gruppen |k Wirtschaftsverbände, Arbeitgeber |0 (DE-627)1271612720 |0 (DE-625)rvk/122818:12068 |0 (DE-576)201612720 |
| 936 | r | v | |a NQ 6170 |b Wirtschaft |k Geschichte |k Geschichte seit 1918 |k Deutsche Geschichte seit 1945 |k Bundesrepublik Deutschland (bis 1990) |k Innenpolitik |k Wirtschaft |0 (DE-627)1271472503 |0 (DE-625)rvk/128702: |0 (DE-576)201472503 |
| 936 | r | v | |a NQ 6850 |b Weitere Persönlichkeiten |k Geschichte |k Geschichte seit 1918 |k Deutsche Geschichte seit 1945 |k Bundesrepublik Deutschland (bis 1990) |k Persönlichkeiten |k Einzelne Persönlichkeiten |k Weitere Persönlichkeiten |0 (DE-627)1271119374 |0 (DE-625)rvk/128837: |0 (DE-576)201119374 |
| 936 | r | v | |a PC 5230 |b Biografien einzelner Juristen, Briefwechsel |k Rechtswissenschaft |k Allgemeines zum juristischen Studium und zur Rechtswissenschaft |k Biografien und Autobiografien |k Biografien einzelner Juristen, Briefwechsel |0 (DE-627)1270706470 |0 (DE-625)rvk/135092: |0 (DE-576)200706470 |
| 936 | b | k | |a 15.43 |j Deutsche Geschichte des 19. Jahrhunderts bis zur Gegenwart |0 (DE-627)181569701 |
| 936 | s | n | |a m100 |2 mzub |
| 936 | s | n | |a n100 |2 mzub |
| 936 | s | n | |a p100 |2 mzub |
| 936 | s | n | |a q100 |2 mzub |
| 951 | |a BO | ||
| ELC | |b 1 | ||
| LOK | |0 000 xxxxxcx a22 zn 4500 | ||
| LOK | |0 001 3143173246 | ||
| LOK | |0 003 DE-627 | ||
| LOK | |0 004 376082925 | ||
| LOK | |0 005 20100407233801 | ||
| LOK | |0 008 041126||||||||||||||||ger||||||| | ||
| LOK | |0 040 |a DE-21-110 |c DE-627 |d DE-21-110 | ||
| LOK | |0 541 |e 04/401 | ||
| LOK | |0 852 |a DE-21-110 | ||
| LOK | |0 852 1 |c C XX 214 |m p |9 00 | ||
| LOK | |0 935 |a k110 | ||
| LOK | |0 936ln |a 10.1 | ||
| LOK | |0 938 |k p | ||
| LOK | |0 939 |a 2004-11-26 |b l01 | ||
| ORI | |a WA-MARC-krimdoka001.raw | ||
| SIG | |a IFK: C XX 214 | ||
